000 00460nam a2200145Ia 4500
003 OSt
005 20260121110555.0
008 211028s2014 xx 000 0 und d
040 _cAIMIT LIBRARY
041 _aeng
100 _aPandey, Sudhanshu; Amin, Venkatesh S.
_g1216140
_97250
245 _aStudy on inventory management and idle time at Jaypee cement limited in Sidhi district (M P) /
260 _aMangalore
_bVenkatesh S Amin
_c2014
942 _2ddc
_cPRO
999 _c218820
_d218820